000 00895nam a2200253 a 4500
001 25054
003 CO-ViMGA
005 20230915232040.0
008 141112s2004 ck r 000 u spa d
020 _a9788496646544
040 _aCO-ViMGA
_bspa
_cCO-ViMGA
041 _aspa ger
043 _ae - gx - - -
082 0 4 _aSCHy
100 1 _aSchèossow, Peter.
_938153
245 1 0 _aYo contigo y tú conmigo /
_cPeter Schossow ; traducción de L. Rodríguez López.
260 _aSalamanca :
_bLóguez,
_c2010.
300 _a[32] p. : il. ; 16 cm.
650 1 4 _aCuentos infantiles alemanes.
700 1 _aRodríguez Rodríguez, L., tr.
_938154
852 _1.908.96
942 _2ddc
_cBK
999 _c32697
_d32697